| 000 | 00528pab a2200193 454500 | ||
|---|---|---|---|
| 008 | 180718b1977 xxu||||| |||| 00| 0 eng d | ||
| 100 | _aKuruvilla, P.K. | ||
| 245 | _aLanguage training in the Canadian public service: Some perspectives and problems | ||
| 260 | _c1977 | ||
| 300 | _ap.283-297. | ||
| 362 | _aApr-Jun | ||
| 650 | _aLanguages | ||
| 650 | _aCivil service - Canada | ||
| 650 | _aTraining - Canada | ||
| 650 | _aTraining | ||
| 773 | _aIndian Journal of Public Administration | ||
| 908 | _aN | ||
| 909 | _a88207 | ||
| 999 |
_c88207 _d88207 |
||